Obras y Apuntes: Educación 1, II (Record no. 7745)

MARC details
000 -LEADER
campo de control de longitud fija 00407nam a2200145Ia 4500
001 - NÚMERO DE CONTROL
campo de control 1677
008 - DATOS DE LONGITUD FIJA--INFORMACIÓN GENERAL
campo de control de longitud fija 241024s9999 xx 000 0 und d
020 ## - NÚMERO INTERNACIONAL ESTÁNDAR DEL LIBRO
Número Internacional Estándar del Libro 978-9945-427-35-6
082 ## - NÚMERO DE LA CLASIFICACIÓN DECIMAL DEWEY
Número de clasificación RD/864.42/H519obr2/1
100 ## - ENTRADA PRINCIPAL--NOMBRE DE PERSONA
Nombre de persona Max (1885-1968) Henriquez Ureña
245 #0 - MENCIÓN DEL TÍTULO
Título Obras y Apuntes: Educación 1, II
260 ## - PUBLICACIÓN, DISTRIBUCIÓN, ETC.
Nombre del editor, distribuidor, etc. Secretaría de Estado de Cultura
Fecha de publicación, distribución, etc. 2008
901 ## - ELEMENTOS DE DATOS A LOCAL LDA (RLIN)
a 12/7/2011 8:37:14 a.m.

No items available.

© 2024. Todos los Derechos Reservados. Desarrollado por IDEICE